Geografía médica española : (Record no. 182061)
[ view plain ]
| 000 -LEADER | |
|---|---|
| campo de control de longitud fija | 00882nam a2200169 i 4500 |
| 001 - NÚMERO DE CONTROL | |
| campo de control | 182061 |
| 003 - IDENTIFICADOR DE NÚMERO DE CONTROL | |
| campo de control | ES-MaACL |
| 005 - FECHA Y HORA DE LA ÚLTIMA TRANSACCIÓN | |
| campo de control | 20230906221523.0 |
| 008 - DATOS DE LONGITUD FIJA--INFORMACIÓN GENERAL | |
| campo de control de longitud fija | 130528s1896 sp |||| | spa d |
| 245 00 - MENCIÓN DEL TÍTULO | |
| Título | Geografía médica española : |
| Resto del título | distrito de Navalcarnero : datos para su estudio médico climatológico / |
| Mención de responsabilidad, etc. | por la Asociación Médico-Farmacéutica. |
| 260 ## - PUBLICACIÓN, DISTRIBUCIÓN, ETC. | |
| Lugar de publicación, distribución, etc. | [S.l.] : |
| Nombre del editor, distribuidor, etc. | [s.n.], |
| Fecha de publicación, distribución, etc. | 1896 ( |
| Lugar de fabricación/manufactura | Madrid : |
| Fabricante | Escuela Tip. del Hospicio) |
| 300 ## - DESCRIPCIÓN FÍSICA | |
| Extensión | XXXI, 286 p., [1] h. pleg. de mapa ; |
| Dimensiones | 26 cm. |
| 650 #4 - PUNTO DE ACCESO ADICIONAL DE MATERIA--TÉRMINO DE MATERIA | |
| Término de materia o nombre geográfico como elemento de entrada | Geografía médica- |
| Subdivisión geográfica | Navalcarnero. |
| 9 (RLIN) | 152804 |
| 710 2# - ENTRADA AGREGADA--NOMBRE DE ENTIDAD CORPORATIVA | |
| Nombre de entidad corporativa o nombre de jurisdicción como elemento de entrada | Asociación Médico Farmacéutica del Distrito de Navalcarnero. |
| 9 (RLIN) | 152805 |
| 852 ## - LOCALIZACIÓN | |
| Ubicación | ES-MaACL |
| Número de control de estantería | T-833-F-9 |
| Nota libre | .- Donativo del Sr. Pozzi |
| -- | .- Encuadernado en un vol. facticio |
| 856 41 - LOCALIZACIÓN Y ACCESO ELECTRÓNICOS | |
| Identificador Uniforme de Recursos | <a href="http://bibliotecadigitalhispanica.bne.es:80/webclient/DeliveryManager?pid=1832440&custom_att_2=simple_viewer">http://bibliotecadigitalhispanica.bne.es:80/webclient/DeliveryManager?pid=1832440&custom_att_2=simple_viewer</a> |
| Nota pública | Ir a la página |
| Estatus retirado | Estado de pérdida | Estado de daño | No para préstamo | Colección | Biblioteca de origen | Biblioteca actual | Ubicación en estantería | Fecha de adquisición | Fuente de adquisición | Total de préstamos | Signatura topográfica completa | Código de barras | Visto por última vez | Precio de reemplazo | Tipo de ítem Koha |
|---|---|---|---|---|---|---|---|---|---|---|---|---|---|---|---|
| Colección de folletos | Biblioteca del Ateneo de Madrid | Biblioteca del Ateneo de Madrid | Depósito folletos | 28/05/2013 | T-833-F-9 | 1191322 | 23/02/2023 | 23/02/2023 | Folleto |
